Представление документа в формате MARC21

Поле Инд. ПП Название Значение
Тип записи a
Библиографический уровень m
001 Контрольный номер 5bfba0d163474f6290eefa933eee133e
005 Дата корректировки 20240621104351.6
084 a Индекс другой классификации/Индекс ББК 88
091 i Возрастная адресация (DOS) 16+
097 b Оператор Чирова; Попеленкова
245 10 a Заглавие PSYCHOLOGIES / Психолоджис
n Номер части/ раздела 79
260 c Дата издания 2024
500 a Примечание лето
900 a Имя макрообъекта E0041D10000B32FF
901 t Тип документа s